000
00212nam a22000857a 4500
008
161219b xxu||||| |||| 00| 0 eng d
100
_9
2124
_a
Kanevskaya
245
_a
Take it Easy Leopard
260
_a
Dnipro
_b
Keiv`
_c
1990
999
_c
5006
_d
5006